000 00602cab a2200229 4500
001 X2283
008 090401t1995 xxu||||| |||| 00| 0 eng d
035 _a(Sirsi) u23125
041 _aeng
245 _aConfusion over non-metric planning applications
260 _c1995
350 _a0
490 _aCSM (Chartered Surveyor Monthly)
_v4(7) May 1995, 3(1)
650 _aDOE
650 _aMETRICATION
650 _aPLANNING APPEAL
650 _aPLANNING INSPECTORATE
650 _aUNITS OF MEASUREMENT DIRECTIVE
690 _aPLANNING LAW AND PRACTICE
942 _n0
948 _c04/03/1997
999 _c15488
_d15488